000 00421nam a2200181Ia 4500
008 170918s9999 xx 000 0 und d
020 _a9780684833668
050 _bK73se 1987
100 _aKnowles, John
245 2 _aA separate peace /
245 _cby John Knowles.
260 _aNew York :
260 _bScribner,
260 _c1987
300 _a204 pages :
300 _billustrations ;
300 _c21cm.
999 _c343512
_d343512